00378nam a2200109 4500245007600000100001900076260004900095300002500144082001900169650003700188650004300225 aConstitutional history of England : a course of lecturescF.W. Maitland aMaitland, F.W. aCambridgebCambridge Unviersity Presscc1968 axxviii, 548p.; 20cm. a342.42029bMAI aEngland - Constitutional History aEngland - Constitutional Law - History